Biblioteca

¿La mujer como sacerdote? (Registro nro. 69528)

Detalles MARC
000 -LÍDER
Campo fijo de descripción fija 01048nab a2200205 i 4500
001 - NÚMERO DE CONTROL
Campo de control 768714001
003 - IDENTIFICADOR DEL NÚMERO DE CONTROL
Campo de control CO-MdFUSB
005 - FECHA Y HORA DE LA ULTIMA TRANSACCIÓN
control field 20240506131238.0
008 - ELEMENTOS DE LONGITUD FIJA -- INFORMACIÓN GENERAL
Campo fijo de descripción fija -- Información general 240506t1968 sp ||||| |||| 00| 0 spa d
040 ## - FUENTE DE CATALOGACIÓN
Idioma de catalogación spa
Agencia que realiza la transcripción CO-MdFUSB
Agencia que realiza la modificación CO-MdFUSB
041 ## - CÓDIGO DE IDIOMA
Código de idioma para texto/pista de sonido o título separado spa
100 ## - ASIENTO PRINCIPAL--NOMBRE PERSONAL
Nombre personal Gösmann, Elisabeth,
Término relacionador autor
245 ## - TÍTULO
Título ¿La mujer como sacerdote?
Mención de responsabilidad / Elisabeth Gösmann
520 ## - NOTA DE RESUMEN, ETC.
Nota de sumario, etc. Existe una amplia gama de opiniones sobre el tema de las mujeres y el culto. <br/>Se reflexiona a partir de la pregunta: ¿qué concepto de jerarquía y qué transformaciones prácticas en la vida del ministerio eclesiástico pueden constituir el presupuesto de la idea que de esta forma de vida tienen comúnmente hombres y mujeres?
650 #0 - ASIENTO SECUNDARIO DE MATERIA - TERMINO TEMÁTICO
Término temático o nombre geográfico como elemento de entrada Ecumenismo
9 (RLIN) 1146
650 #0 - ASIENTO SECUNDARIO DE MATERIA - TERMINO TEMÁTICO
Término temático o nombre geográfico como elemento de entrada Mujeres
Subdivisión general Aspectos religiosos
-- Cristianismo
9 (RLIN) 326
773 0# - ASIENTO DE ITEM FUENTE
Biblionumber 49450
Itemnumber 82594
Otro identificador del ítem R2524
Título Revista internacional de teología Concilium
Número de control del registro (CO-MdFUSB)8
Número Internacional Normalizado para Publicaciones Seriadas (ISSN) 0210-1041
Parte(s) relacionada(s) / Volumen., número. (mes año), páginas Número 34, (abril, 1968), páginas: 126 - 137
Enumeración y primera página página: 126
942 ## - TIPO DE MATERIAL (KOHA)
Tipo de Item KOHA Artículos de Revista
945 ## - INFORMACIÓN LOCAL DEL REGISTRO
Catalogador Catherine Arias Alvarez - Practicante SENA

No hay ítems disponibles.

Biblioteca FUSBC | Teléfono: (57+4) 349 88 10 Ext. 141| WhatsApp (+57) 3005338115 
E-mail: biblioteca@unisbc.edu.co | Calle 76 87-14 Robledo Palenque, Medellín, Colombia

Con tecnología Koha